Business statistics: (Record no. 27403)

MARC details
000 -LEADER
fixed length control field 00856naa a2200241 4500
005 - DATE AND TIME OF LATEST TRANSACTION
control field 20090613121017.0
008 - FIXED-LENGTH DATA ELEMENTS--GENERAL INFORMATION
fixed length control field 080925t xxu||||| |||| 00| 0 eng d
010 ## - LCCN (DPL NO)
LC control number ENG-93968
020 ## - INTERNATIONAL STANDARD BOOK NUMBER
International Standard Book Number 9788180546440
Terms of availability 200.00
035 ## - SYSTEM CONTROL NUMBER
System control number EN-77501
037 ## - SOURCE OF ACQUISITION
Source of stock number/acquisition DBAD / PUB
040 ## - CATALOGING SOURCE
Original cataloging agency dpl
Language of cataloging English
082 ## - DEWEY DECIMAL CLASSIFICATION NUMBER
Classification number 519.5
100 ## - MAIN ENTRY--PERSONAL NAME
Personal name Gupta, S.P.
245 ## - TITLE STATEMENT
Title Business statistics:
Statement of responsibility, etc by S.P. Gupta
Remainder of title an introductory text /
260 ## - PUBLICATION, DISTRIBUTION, ETC. (IMPRINT)
Place of publication, distribution, etc New Delhi
Name of publisher, distributor, etc Sultan Chand
Date of publication, distribution, etc 2009
270 ## - ADDRESS
Address 23, Darya Ganj,
City New Delhi
Postal code 110 002
300 ## - PHYSICAL DESCRIPTION
Extent Various pagings
Dimensions 24cm(pbk )
650 ## - SUBJECT ADDED ENTRY--TOPICAL TERM
Topical term or geographic name as entry element Commercial statistics
650 ## - SUBJECT ADDED ENTRY--TOPICAL TERM
Topical term or geographic name as entry element Statistics
942 ## - ADDED ENTRY ELEMENTS (KOHA)
Institution code [OBSOLETE] dpl
Item type English Books
Source of classification or shelving scheme Dewey Decimal Classification
Call number suffix GUP
Classification part 519.5
Holdings
Withdrawn status Lost status Source of classification or shelving scheme Damaged status Not for loan Collection code Home library Current library Date acquired Source of acquisition Cost, normal purchase price Total Checkouts Full call number Barcode Date last seen Copy number Cost, replacement price Koha item type
    Dewey Decimal Classification   Not For Loan Non-fiction D.B.Act.Division D.B.Act.Division 13/06/2009 DBAD / PUB 200.00   519.5 GUP EN-77501 13/06/2009 1 200.00 English Books

© Delhi Public Library
Hit Counter
free hit counter